00328 2200133 4500001002100000008004100021035002000062245003400082100002200116260001400138082001000152650001200162990002000174INLIS000000000001259 ind  a0010-0824000020 aMalin Kundang Si Anak Durhaka aTitis Asmarandana bDUA MEDIA a398.5 aDongeng a3526/BBTIV/2023